00341 a2200109 4500001001000000005001700010008004100027245006000068100001900128773006700147999001700214ART_1269820260410161908.0260409a 10aThe Determinants of Equilibrium Unemployment in Britain1 aNickell, S. J.0 tThe Economic Journalg- Vol. 92, NÂș 367 (set. 1982)wREV12512 c26591d26591